Online
Catalog

Atlántida : (Record no. 1760)

MARC details
000 -CABECERA
campo de control de longitud fija 00797cam a2200229 a 4500
001 - NÚMERO DE CONTROL
campo de control 000001885
005 - FECHA Y HORA DE LA ÚLTIMA TRANSACCIÓN
campo de control 20200929145738.0
008 - DATOS DE LONGITUD FIJA--INFORMACIÓN GENERAL
campo de control de longitud fija 831130s1984 sp a b 001 0 spa
020 ## - NÚMERO INTERNACIONAL ESTÁNDAR DEL LIBRO
Número Internacional Estándar del Libro 0399128921
040 ## - FUENTE DE LA CATALOGACIÓN
Centro catalogador/agencia de origen DO-SdBNP
Centro/agencia transcriptor DLC
Centro/agencia modificador DLC
082 ## - NÚMERO DE LA CLASIFICACIÓN DECIMAL DEWEY
Número de clasificación 001.94
Número de documento/Ítem B515a
100 1# - ENTRADA PRINCIPAL--NOMBRE DE PERSONA
Nombre de persona Berlitz, Charles,
Fechas asociadas al nombre 1914-2003.
9 (RLIN) 6157
245 10 - MENCIÓN DE TÍTULO
Título Atlántida :
Resto del título el octavo continente /
Mención de responsabilidad, etc. Charles Berlitz ; traducción, María del Mar Moya, Miquel Muntaner.
260 ## - PUBLICACIÓN, DISTRIBUCIÓN, ETC.
Lugar de publicación, distribución, etc. España :
Nombre del editor, distribuidor, etc. Planeta,
Fecha de publicación, distribución, etc. 1984.
300 ## - DESCRIPCIÓN FÍSICA
Extensión 216, [9] p. :
Otras características físicas il. ;
Dimensiones 21 cm.
504 ## - NOTA DE BIBLIOGRAFÍA, ETC.
Nota de bibliografía, etc. Bibliografía: p. [211]-213.
651 #4 - PUNTO DE ACCESO ADICIONAL DE MATERIA--NOMBRE GEOGRÁFICO
Nombre geográfico Atlántida
Subdivisión general Civilización Antigua
9 (RLIN) 6158
653 0# - TÉRMINO DE INDIZACIÓN--NO CONTROLADO
Término no controlado ATLANTIDA (LUGAR LEGENDARIO)
700 1# - PUNTO DE ACCESO ADICIONAL--NOMBRE DE PERSONA
Nombre de persona Mar Moya, María del.
Término indicativo de función/relación tr.
9 (RLIN) 6159
700 1# - PUNTO DE ACCESO ADICIONAL--NOMBRE DE PERSONA
Nombre de persona Muntaner, Miquel.
Término indicativo de función/relación tr.
9 (RLIN) 6160
910 ## - DATOS DE OPCIÓN DEL USUARIO (OCLC)
Datos de opción del usuario Catalogación por copia / LC
Holdings
Estado de retiro Estado de pérdida Restricciones de uso No para préstamo Código de colección Localización permanente Ubicación/localización actual Ubicación en estantería Fecha de adquisición Número de inventario Total de préstamos Signatura topográfica completa Código de barras Fecha visto por última vez Precio válido a partir de Tipo de ítem Koha
    Préstamo interno   Monografías: Libros y Folletos General General En catalogación 16.09.2009 LF1   001.94 B515a 1885-10 25.06.2020 25.06.2020 Préstamo interno

Powered by Koha